<?xml version="1.0" encoding="UTF-8"?>
<record
    xmlns:xsi="http://www.w3.org/2001/XMLSchema-instance"
    xsi:schemaLocation="http://www.loc.gov/MARC21/slim http://www.loc.gov/standards/marcxml/schema/MARC21slim.xsd"
    xmlns="http://www.loc.gov/MARC21/slim">

  <leader>01072cas a2200313 i 4500</leader>
  <controlfield tag="001">000031174</controlfield>
  <controlfield tag="003">DO-SdBNP</controlfield>
  <controlfield tag="005">20260225151256.0</controlfield>
  <controlfield tag="007">ta</controlfield>
  <controlfield tag="008">110614c1931    dr ur1p|r    ||   z0spa d</controlfield>
  <datafield tag="040" ind1=" " ind2=" ">
    <subfield code="a">DO-SdBNP</subfield>
    <subfield code="b">spa</subfield>
    <subfield code="c">DO-SdBNP</subfield>
    <subfield code="e">rda</subfield>
  </datafield>
  <datafield tag="041" ind1=" " ind2=" ">
    <subfield code="h">spa</subfield>
  </datafield>
  <datafield tag="043" ind1=" " ind2=" ">
    <subfield code="a">nwdr</subfield>
  </datafield>
  <datafield tag="245" ind1="0" ind2="0">
    <subfield code="a">F&#xE9;mina :</subfield>
    <subfield code="b">revista ilustrada.</subfield>
  </datafield>
  <datafield tag="264" ind1=" " ind2=" ">
    <subfield code="a">San Pedro de Macoris, Rep&#xFA;blica Dominicana :</subfield>
    <subfield code="b">Petronila A. G&#xF3;mez,</subfield>
    <subfield code="c">1931.</subfield>
  </datafield>
  <datafield tag="300" ind1=" " ind2=" ">
    <subfield code="a">volumen : </subfield>
    <subfield code="b">ilustraciones ; </subfield>
    <subfield code="c">23 cm.</subfield>
  </datafield>
  <datafield tag="310" ind1=" " ind2=" ">
    <subfield code="a">Irregular</subfield>
  </datafield>
  <datafield tag="336" ind1=" " ind2=" ">
    <subfield code="a">texto </subfield>
    <subfield code="b">txt </subfield>
    <subfield code="2">rdacontent</subfield>
  </datafield>
  <datafield tag="337" ind1=" " ind2=" ">
    <subfield code="a">sin mediacion </subfield>
    <subfield code="b">n </subfield>
    <subfield code="2">rdacarrier</subfield>
  </datafield>
  <datafield tag="338" ind1=" " ind2=" ">
    <subfield code="a">volumen </subfield>
    <subfield code="b">nc </subfield>
    <subfield code="2">rdacarrier</subfield>
  </datafield>
  <datafield tag="362" ind1="0" ind2=" ">
    <subfield code="a">A&#xF1;o 9, no.142-43 (Julio/agosto, 1931-).</subfield>
  </datafield>
  <datafield tag="500" ind1=" " ind2=" ">
    <subfield code="a">T&#xED;tulo tomado de la cubierta.</subfield>
  </datafield>
  <datafield tag="500" ind1=" " ind2=" ">
    <subfield code="a">Catalogaci&#xF3;n basada en el: A&#xF1;o 9, no.142-43 (Julio/agosto, 1931-).</subfield>
  </datafield>
  <datafield tag="500" ind1=" " ind2=" ">
    <subfield code="a">Directora: Petronila A. G&#xF3;mez.</subfield>
  </datafield>
  <datafield tag="650" ind1=" " ind2="4">
    <subfield code="a">Literatura</subfield>
    <subfield code="v">Publicaciones peri&#xF3;dicas </subfield>
    <subfield code="9">25093</subfield>
  </datafield>
  <datafield tag="650" ind1=" " ind2="4">
    <subfield code="a">Cultura</subfield>
    <subfield code="v">Publicaciones peri&#xF3;dicas </subfield>
    <subfield code="9">33416</subfield>
  </datafield>
  <datafield tag="700" ind1=" " ind2=" ">
    <subfield code="a">G&#xF3;mez, Petronila Angelica</subfield>
    <subfield code="9">46067</subfield>
    <subfield code="e">director</subfield>
  </datafield>
  <datafield tag="942" ind1=" " ind2=" ">
    <subfield code="2">ddc</subfield>
    <subfield code="c">ISSUE</subfield>
  </datafield>
  <datafield tag="952" ind1=" " ind2=" ">
    <subfield code="0">0</subfield>
    <subfield code="1">0</subfield>
    <subfield code="2">ddc</subfield>
    <subfield code="4">0</subfield>
    <subfield code="5">5</subfield>
    <subfield code="7">0</subfield>
    <subfield code="8">SE</subfield>
    <subfield code="a">PD</subfield>
    <subfield code="b">PD</subfield>
    <subfield code="d">2013-03-04</subfield>
    <subfield code="h">A&#xF1;o.5: no.105 (1927: may.)</subfield>
    <subfield code="i">192705319270604 20130304</subfield>
    <subfield code="l">0</subfield>
    <subfield code="o">105</subfield>
    <subfield code="p">31174-105-1</subfield>
    <subfield code="r">2020-08-08</subfield>
    <subfield code="t">e.1</subfield>
    <subfield code="w">2020-08-08</subfield>
    <subfield code="y">ISSUE</subfield>
    <subfield code="z">Perteneci&#xF3; a la biblioteca personal de Julio Ortega Frier.</subfield>
  </datafield>
  <datafield tag="952" ind1=" " ind2=" ">
    <subfield code="0">0</subfield>
    <subfield code="1">0</subfield>
    <subfield code="2">ddc</subfield>
    <subfield code="4">0</subfield>
    <subfield code="5">5</subfield>
    <subfield code="7">0</subfield>
    <subfield code="8">SE</subfield>
    <subfield code="a">PD</subfield>
    <subfield code="b">PD</subfield>
    <subfield code="d">2013-07-04</subfield>
    <subfield code="h">A&#xF1;o.6: no.113 (1928: ene.)</subfield>
    <subfield code="i">192705319270604 20130704</subfield>
    <subfield code="l">0</subfield>
    <subfield code="o">113</subfield>
    <subfield code="p">31174-113-1</subfield>
    <subfield code="r">2020-08-08</subfield>
    <subfield code="t">e.1</subfield>
    <subfield code="w">2020-08-08</subfield>
    <subfield code="y">ISSUE</subfield>
    <subfield code="z">Perteneci&#xF3; a la biblioteca personal de Federico Henr&#xED;quez y Carvajal.</subfield>
  </datafield>
  <datafield tag="952" ind1=" " ind2=" ">
    <subfield code="0">0</subfield>
    <subfield code="1">0</subfield>
    <subfield code="2">ddc</subfield>
    <subfield code="4">0</subfield>
    <subfield code="5">5</subfield>
    <subfield code="7">0</subfield>
    <subfield code="8">SE</subfield>
    <subfield code="a">PD</subfield>
    <subfield code="b">PD</subfield>
    <subfield code="d">2013-07-02</subfield>
    <subfield code="h">A&#xF1;o.7: no.129 (1929: may.)</subfield>
    <subfield code="i">192905319290604 20130702</subfield>
    <subfield code="l">0</subfield>
    <subfield code="o">129</subfield>
    <subfield code="p">31174-129-1</subfield>
    <subfield code="r">2020-08-08</subfield>
    <subfield code="t">e.1</subfield>
    <subfield code="w">2020-08-08</subfield>
    <subfield code="y">ISSUE</subfield>
    <subfield code="z">Perteneci&#xF3; a la biblioteca personal de Federico Henr&#xED;quez y Carvajal.</subfield>
  </datafield>
  <datafield tag="952" ind1=" " ind2=" ">
    <subfield code="0">0</subfield>
    <subfield code="1">0</subfield>
    <subfield code="2">ddc</subfield>
    <subfield code="4">0</subfield>
    <subfield code="5">5</subfield>
    <subfield code="7">0</subfield>
    <subfield code="8">SE</subfield>
    <subfield code="a">PD</subfield>
    <subfield code="b">PD</subfield>
    <subfield code="d">2013-07-04</subfield>
    <subfield code="h">A&#xF1;o.8: no.134 (1929: oct.)</subfield>
    <subfield code="i">192910319291104 20130704</subfield>
    <subfield code="l">0</subfield>
    <subfield code="o">134</subfield>
    <subfield code="p">31174-134-1</subfield>
    <subfield code="r">2020-08-08</subfield>
    <subfield code="t">e.1</subfield>
    <subfield code="w">2020-08-08</subfield>
    <subfield code="y">ISSUE</subfield>
    <subfield code="z">Perteneci&#xF3; a la biblioteca personal de Federico Henr&#xED;quez y Carvajal.</subfield>
  </datafield>
  <datafield tag="952" ind1=" " ind2=" ">
    <subfield code="0">0</subfield>
    <subfield code="1">0</subfield>
    <subfield code="2">ddc</subfield>
    <subfield code="4">0</subfield>
    <subfield code="5">5</subfield>
    <subfield code="7">0</subfield>
    <subfield code="8">SE</subfield>
    <subfield code="a">PD</subfield>
    <subfield code="b">PD</subfield>
    <subfield code="d">2013-03-04</subfield>
    <subfield code="h">A&#xF1;o.8: no.135-137 (1929: nov/dic.)</subfield>
    <subfield code="i">192912319290105 20130304</subfield>
    <subfield code="l">0</subfield>
    <subfield code="o">135-137</subfield>
    <subfield code="p">31174-135-137-1</subfield>
    <subfield code="r">2020-08-08</subfield>
    <subfield code="t">e.1</subfield>
    <subfield code="w">2020-08-08</subfield>
    <subfield code="y">ISSUE</subfield>
    <subfield code="z">Perteneci&#xF3; a la biblioteca personal de Federico Henr&#xED;quez y Carvajal.</subfield>
  </datafield>
  <datafield tag="952" ind1=" " ind2=" ">
    <subfield code="0">0</subfield>
    <subfield code="1">0</subfield>
    <subfield code="2">ddc</subfield>
    <subfield code="4">0</subfield>
    <subfield code="5">5</subfield>
    <subfield code="7">0</subfield>
    <subfield code="8">SE</subfield>
    <subfield code="a">PD</subfield>
    <subfield code="b">PD</subfield>
    <subfield code="d">2013-03-04</subfield>
    <subfield code="h">A&#xF1;o.15: no.195/196 (1937: ene/feb.)</subfield>
    <subfield code="i">193702281937030520130304</subfield>
    <subfield code="l">0</subfield>
    <subfield code="o">195-196</subfield>
    <subfield code="p">31174-195-196-1</subfield>
    <subfield code="r">2020-08-08</subfield>
    <subfield code="t">e.1</subfield>
    <subfield code="w">2020-08-08</subfield>
    <subfield code="y">ISSUE</subfield>
    <subfield code="z">Perteneci&#xF3; a la biblioteca personal de Federico Henr&#xED;quez y Carvajal.</subfield>
  </datafield>
  <datafield tag="952" ind1=" " ind2=" ">
    <subfield code="0">0</subfield>
    <subfield code="1">0</subfield>
    <subfield code="2">ddc</subfield>
    <subfield code="4">0</subfield>
    <subfield code="5">5</subfield>
    <subfield code="7">0</subfield>
    <subfield code="8">SE</subfield>
    <subfield code="a">PD</subfield>
    <subfield code="b">PD</subfield>
    <subfield code="d">2013-07-04</subfield>
    <subfield code="h">A&#xF1;o.15: no.197 (1937: mar.)</subfield>
    <subfield code="i">193703281937040520130704</subfield>
    <subfield code="l">0</subfield>
    <subfield code="o">197</subfield>
    <subfield code="p">31174-197-1</subfield>
    <subfield code="r">2020-08-08</subfield>
    <subfield code="t">e.1</subfield>
    <subfield code="w">2020-08-08</subfield>
    <subfield code="y">ISSUE</subfield>
    <subfield code="z">Perteneci&#xF3; a la biblioteca personal de Federico Henr&#xED;quez y Carvajal.</subfield>
  </datafield>
  <datafield tag="952" ind1=" " ind2=" ">
    <subfield code="0">0</subfield>
    <subfield code="1">0</subfield>
    <subfield code="2">ddc</subfield>
    <subfield code="4">0</subfield>
    <subfield code="5">5</subfield>
    <subfield code="7">0</subfield>
    <subfield code="8">SE</subfield>
    <subfield code="a">PD</subfield>
    <subfield code="b">PD</subfield>
    <subfield code="d">2013-07-04</subfield>
    <subfield code="h">A&#xF1;o.10:no.146(1931:dic.)</subfield>
    <subfield code="i">193112151931123020130704</subfield>
    <subfield code="l">0</subfield>
    <subfield code="o">146</subfield>
    <subfield code="p">31174-146-1</subfield>
    <subfield code="r">2020-08-08</subfield>
    <subfield code="t">e.1</subfield>
    <subfield code="w">2020-08-08</subfield>
    <subfield code="y">ISSUE</subfield>
    <subfield code="z">Perteneci&#xF3; a la biblioteca personal de Federico Henr&#xED;quez y Carvajal.</subfield>
  </datafield>
  <datafield tag="952" ind1=" " ind2=" ">
    <subfield code="0">0</subfield>
    <subfield code="1">0</subfield>
    <subfield code="2">ddc</subfield>
    <subfield code="4">0</subfield>
    <subfield code="5">5</subfield>
    <subfield code="7">0</subfield>
    <subfield code="8">SE</subfield>
    <subfield code="a">PD</subfield>
    <subfield code="b">PD</subfield>
    <subfield code="d">2013-06-27</subfield>
    <subfield code="h">A&#xF1;o.16:no.207(1938:nov.)</subfield>
    <subfield code="i">193811011938111520130627</subfield>
    <subfield code="l">0</subfield>
    <subfield code="o">207</subfield>
    <subfield code="p">31174-207-1</subfield>
    <subfield code="r">2020-08-08</subfield>
    <subfield code="t">e.1</subfield>
    <subfield code="w">2020-08-08</subfield>
    <subfield code="y">ISSUE</subfield>
    <subfield code="z">Perteneci&#xF3; a la biblioteca personal de Federico Henr&#xED;quez y Carvajal.</subfield>
  </datafield>
  <datafield tag="952" ind1=" " ind2=" ">
    <subfield code="0">0</subfield>
    <subfield code="1">0</subfield>
    <subfield code="2">ddc</subfield>
    <subfield code="4">0</subfield>
    <subfield code="5">5</subfield>
    <subfield code="7">0</subfield>
    <subfield code="8">SE</subfield>
    <subfield code="a">PD</subfield>
    <subfield code="b">PD</subfield>
    <subfield code="d">2013-06-27</subfield>
    <subfield code="h">A&#xF1;o.14: no.180 (1935: sept.)</subfield>
    <subfield code="i">193509011935091420130627</subfield>
    <subfield code="l">0</subfield>
    <subfield code="o">180</subfield>
    <subfield code="p">33174-180-1</subfield>
    <subfield code="r">2020-08-08</subfield>
    <subfield code="t">e.1</subfield>
    <subfield code="w">2020-08-08</subfield>
    <subfield code="y">ISSUE</subfield>
    <subfield code="z">Perteneci&#xF3; a la biblioteca personal de Federico Henr&#xED;quez y Carvajal.</subfield>
  </datafield>
  <datafield tag="999" ind1=" " ind2=" ">
    <subfield code="c">30666</subfield>
    <subfield code="d">30666</subfield>
  </datafield>
</record>
